[Event "Viljandi Valgmae Memorial"]
[Site "Viljandi"]
[Date "2023.07.01"]
[Round "8"]
[White "Kanep, Meelis"]
[Black "Rychagov, Nikita1111"]
[Result "0-1"]
[WhiteElo "2405"]
[BlackElo "2107"]
[PlyCount "130"]
[EventDate "2023.07.01"]
[EventType "swiss (rapid)"]
[EventRounds "9"]
[EventCountry "EST"]
[SourceTitle "CBM 215 Extra"]
[Source "ChessBase"]
[SourceDate "2023.09.30"]
[SourceVersion "1"]
[SourceVersionDate "2023.09.30"]
[SourceQuality "1"]

1. Nf3 d5 2. c4 d4 3. b4 f6 4. e3 e5 5. a3 c5 6. bxc5 Bxc5 7. exd4 exd4 8. d3 Nc6 9. Be2 Nge7 10. Nbd2 0-0 11. 0-0 Ng6 12. Nb3 b6 13. Nxc5 bxc5 14. Nd2 Bf5 15. Bf3 Qd6 16. Bd5+ Kh8 17. Ne4 Bxe4 18. Bxe4 f5 19. Bd5 Rae8 20. Qf3 Nce5 21. Qh3 Ng4 22. Bf3 Nf4 23. Qg3 Ne2+ 24. Bxe2 Qxg3 25. hxg3 Rxe2 26. Bf4 h6 27. Rab1 Rfe8 28. f3 Ne3 29. Rf2 Rxf2 30. Kxf2 Re6 31. a4 g5 32. Bb8 Ra6 33. Rb7 Rxa4 34. Rxa7 Rb4 35. Be5+ Kg8 36. Ra2 Rb1 37. Ra8+ Kf7 38. Bd6 Rb2+ 39. Ke1 Nxg2+ 40. Kd1 Ne3+ 41. Kc1 Rc2+ 42. Kb1 Rc3 43. Bxc5 Rxd3 44. Ra7+ Ke6 45. Ra6+ Kf7 46. Ra7+ Ke8 47. Re7+ Kd8 48. Re5 Nxc4 49. Rxf5 Rxf3 50. Rd5+ Ke8 51. Rxd4 Na5 52. Re4+ Kf7 53. g4 Nb3 54. Re7+ Kf6 55. Rc7 Nxc5 56. Rxc5 Rf4 57. Rc6+ Ke5 58. Rxh6 Rxg4 59. Kc2 Rd4 60. Kc3 Rd8 61. Rg6 Kf4 62. Rf6+ Kg3 63. Rg6 g4 64. Rg7 Kf3 65. Rf7+ Kg2 0-1

[Event "Olympiad-44"]
[Site "Chennai"]
[Date "2022.08.06"]
[Round "8.4"]
[White "Kanep, Meelis"]
[Black "Flores, Diego"]
[Result "0-1"]
[WhiteElo "2417"]
[BlackElo "2528"]
[PlyCount "70"]
[EventDate "2022.07.29"]
[EventType "team-swiss"]
[EventRounds "11"]
[EventCountry "IND"]
[SourceTitle "CBM 210"]
[Source "ChessBase"]
[SourceDate "2022.10.31"]
[SourceVersion "1"]
[SourceVersionDate "2022.10.31"]
[SourceQuality "1"]
[WhiteTeam "Estonia"]
[BlackTeam "Argentina"]
[WhiteTeamCountry "EST"]
[BlackTeamCountry "ARG"]

1. d4 Nf6 2. c4 e6 3. Nf3 d5 4. g3 Bb4+ 5. Bd2 a5 6. Bg2 0-0 7. 0-0 dxc4 8. Qc2 Bxd2 9. Nbxd2 b5 10. a4 c6 11. b3 cxb3 12. Nxb3 b4 13. e4 Nbd7 14. Ne5 Nxe5 15. dxe5 Nd7 16. Qxc6 Ba6 17. Rfd1 Nxe5 18. Rxd8 Nxc6 19. Rd6 Ne5 20. Nxa5 Bd3 21. Nb3 Rfb8 22. f4 Bc2 23. Nd2 Ng4 24. Bf3 h5 25. h3 Nf6 26. e5 Nd5 27. Nc4 b3 28. Nb2 h4 29. Kf2 hxg3+ 30. Kxg3 Ra5 31. Bxd5 exd5 32. Re1 Rc5 33. Kf2 Rb4 34. e6 fxe6 35. Rexe6 Be4 0-1

[Event "Viljandi Raud Memorial 56th"]
[Site "Viljandi"]
[Date "2022.07.09"]
[Round "8"]
[White "Laurusas, Tomas"]
[Black "Kanep, Meelis"]
[Result "1-0"]
[WhiteElo "2561"]
[BlackElo "2417"]
[PlyCount "83"]
[EventDate "2022.07.03"]
[EventType "swiss"]
[EventRounds "9"]
[EventCountry "EST"]
[SourceTitle "CBM 209 Extra"]
[Source "ChessBase"]
[SourceDate "2022.09.30"]
[SourceVersion "1"]
[SourceVersionDate "2022.09.30"]
[SourceQuality "1"]

1. c4 Nf6 2. Nc3 g6 3. g3 Bg7 4. Bg2 0-0 5. d4 d6 6. Nf3 Nc6 7. 0-0 e5 8. d5 Nb8 9. c5 Na6 10. cxd6 cxd6 11. Nd2 Bd7 12. a4 Rc8 13. Nb3 Ne8 14. Be3 Ra8 15. Qd2 b6 16. a5 Nc5 17. Nxc5 bxc5 18. b4 cxb4 19. Na2 a6 20. Nxb4 Bb5 21. Bb6 Qd7 22. Rfc1 f5 23. Bh3 Qe7 24. Nc6 Qf6 25. Na7 Bd7 26. Qd3 Qf7 27. Qxa6 Qxd5 28. Rd1 Qe6 29. Rac1 d5 30. Qd3 Nf6 31. Nb5 e4 32. Qb3 Bxb5 33. Qxb5 Qd7 34. Qb4 Rfc8 35. e3 Rxc1 36. Rxc1 Ng4 37. Rc7 Qe6 38. Bxg4 fxg4 39. Bd4 Be5 40. Qb7 Bxc7 41. Qxa8+ Kf7 42. Qb7 1-0

[Event "Viljandi Raud Memorial 56th"]
[Site "Viljandi"]
[Date "2022.07.07"]
[Round "6"]
[White "Krivenko, Dion"]
[Black "Kanep, Meelis"]
[Result "0-1"]
[WhiteElo "2090"]
[BlackElo "2417"]
[PlyCount "81"]
[EventDate "2022.07.03"]
[EventType "swiss"]
[EventRounds "9"]
[EventCountry "EST"]
[SourceTitle "CBM 209 Extra"]
[Source "ChessBase"]
[SourceDate "2022.09.30"]
[SourceVersion "1"]
[SourceVersionDate "2022.09.30"]
[SourceQuality "1"]

1. e4 g6 2. d4 Bg7 3. Nc3 d6 4. Bg5 a6 5. f4 Nd7 6. Be2 c5 7. Nf3 cxd4 8. Nxd4 Ngf6 9. Qd2 Nc5 10. Bf3 h6 11. Bxf6 Bxf6 12. 0-0-0 e5 13. Nde2 exf4 14. Nxf4 0-0 15. Kb1 Be5 16. Nd3 Nxd3 17. cxd3 Bg7 18. Nd5 Be6 19. Nf4 Bd7 20. h4 a5 21. d4 Bc6 22. Ne2 Re8 23. Ng3 Ba4 24. b3 Bc6 25. h5 g5 26. Qd3 a4 27. Nf5 axb3 28. axb3 Qa5 29. Kb2 Qa2+ 30. Kc1 Bxe4 31. Bxe4 Rac8+ 32. Qc2 Rxc2+ 33. Bxc2 Qa3+ 34. Kd2 Qa5+ 35. Kc1 Re2 36. Kb1 Rxc2 37. Ne7+ Kf8 38. Ng6+ fxg6 39. Rhf1+ Kg8 40. Kxc2 gxh5 41. Rf8+ 0-1

[Event "Viljandi Valgmae Memorial"]
[Site "Viljandi"]
[Date "2022.07.02"]
[Round "7"]
[White "Kanep, Meelis"]
[Black "Pultinevicius, Paulius"]
[Result "0-1"]
[WhiteElo "2417"]
[BlackElo "2539"]
[PlyCount "66"]
[EventDate "2022.07.02"]
[EventType "swiss (rapid)"]
[EventRounds "9"]
[EventCountry "EST"]
[SourceTitle "CBM 209 Extra"]
[Source "ChessBase"]
[SourceDate "2022.09.30"]
[SourceVersion "1"]
[SourceVersionDate "2022.09.30"]
[SourceQuality "1"]

1. d4 Nf6 2. Bg5 d5 3. e3 Nbd7 4. c4 h6 5. Bf4 e6 6. Nc3 c6 7. Nf3 Be7 8. Qc2 0-0 9. h4 c5 10. cxd5 Nxd5 11. Nxd5 exd5 12. 0-0-0 c4 13. g4 Qa5 14. Kb1 Nf6 15. g5 Ne4 16. Bh3 h5 17. Ne5 c3 18. b3 Nd2+ 19. Ka1 Ba3 20. Nd3 Bxh3 21. Rxh3 Rfc8 22. Rhh1 Qb5 23. Rxd2 cxd2 24. Qxd2 Rc6 25. Ne5 Rcc8 26. g6 fxg6 27. Kb1 a5 28. Nd3 a4 29. b4 Rc4 30. Bd6 Rac8 31. Rg1 Rc2 32. Qxc2 Rxc2 33. Kxc2 Qc4+ 0-1

[Event "EST Masters"]
[Site "Tornelo INT"]
[Date "2022.02.13"]
[Round "3.3"]
[White "Kanep, Meelis"]
[Black "Kulaots, Kaido"]
[Result "1/2-1/2"]
[WhiteElo "2424"]
[BlackElo "2527"]
[PlyCount "102"]
[EventDate "2022.02.11"]
[EventType "k.o. (rapid)"]
[EventRounds "3"]
[EventCountry "EST"]
[SourceTitle "CBM 206 Extra"]
[Source "ChessBase"]
[SourceDate "2022.03.31"]
[SourceVersion "1"]
[SourceVersionDate "2022.03.31"]
[SourceQuality "1"]

1. d4 Nf6 2. Bg5 d5 3. e3 c5 4. Bxf6 gxf6 5. dxc5 Nc6 6. c3 e6 7. b4 a5 8. Bb5 Bd7 9. Bxc6 Bxc6 10. Nf3 axb4 11. cxb4 b6 12. Nd4 bxc5 13. bxc5 Ba4 14. Qh5 Bxc5 15. Nxe6 Qa5+ 16. Nd2 Bb4 17. 0-0 Bxd2 18. Ng7+ Kf8 19. Qh6 Bc2 20. Nf5+ Ke8 21. Qxf6 Bxf5 22. Qxh8+ Kd7 23. Qe5 Bd3 24. Rfd1 Bc2 25. h4 Re8 26. Qb2 Rc8 27. Qf6 Ke8 28. Qe5+ Kd7 29. e4 Bxd1 30. Qf5+ Kd8 31. Rxd1 Rc1 32. Rxc1 Bxc1 33. exd5 Qe1+ 34. Kh2 Ke7 35. g3 Bb2 36. d6+ Kxd6 37. Qxf7 Bd4 38. Kg2 Qd2 39. a4 h6 40. a5 Qxa5 41. Qg6+ Ke7 42. Qxh6 Qd5+ 43. f3 Qf5 44. Qd2 Bc5 45. g4 Qe5 46. Qd3 Bd6 47. Qh7+ Kf8 48. Qh6+ Ke7 49. Qh7+ Ke6 50. Qf5+ Qxf5 51. gxf5+ Kxf5 1/2-1/2

[Event "EST Masters"]
[Site "Tornelo INT"]
[Date "2022.02.13"]
[Round "3.2"]
[White "Kulaots, Kaido"]
[Black "Kanep, Meelis"]
[Result "1-0"]
[WhiteElo "2527"]
[BlackElo "2424"]
[PlyCount "84"]
[EventDate "2022.02.11"]
[EventType "k.o. (rapid)"]
[EventRounds "3"]
[EventCountry "EST"]
[SourceTitle "CBM 206 Extra"]
[Source "ChessBase"]
[SourceDate "2022.03.31"]
[SourceVersion "1"]
[SourceVersionDate "2022.03.31"]
[SourceQuality "1"]

1. e4 c5 2. Nf3 d6 3. Bb5+ Nd7 4. a4 Ngf6 5. Nc3 g6 6. a5 Bg7 7. a6 0-0 8. 0-0 Ne8 9. d3 Nc7 10. axb7 Bxb7 11. Bc4 Nb6 12. Bb3 c4 13. dxc4 Bxc3 14. bxc3 Ne6 15. Bh6 Re8 16. c5 Nxc5 17. Bd5 Qc7 18. Re1 e6 19. Bxb7 Nxb7 20. Nd4 Nc4 21. Nb5 Qc5 22. Qd4 Qxd4 23. cxd4 Re7 24. Nxa7 f6 25. Nc6 Ree8 26. Reb1 Nba5 27. Nxa5 Nxa5 28. h4 Rec8 29. c3 d5 30. exd5 exd5 31. Rb5 Nc4 32. Rxa8 Rxa8 33. Rxd5 Ra1+ 34. Kh2 Kf7 35. Rc5 Ra4 36. Bf4 h5 37. d5 Nb6 38. g3 Ke8 39. Kg2 Kd7 40. Rb5 Nc4 41. Rb7+ Kd8 42. Rg7 Ra5 1-0

[Event "EST-ch"]
[Site "Tallinn"]
[Date "2021.12.13"]
[Round "3"]
[White "Timoshin, Andrei"]
[Black "Kanep, Meelis"]
[Result "0-1"]
[WhiteElo "2150"]
[BlackElo "2433"]
[PlyCount "48"]
[EventDate "2021.12.11"]
[EventType "tourn"]
[EventRounds "9"]
[EventCountry "EST"]
[SourceTitle "CBM 205 Extra"]
[Source "ChessBase"]
[SourceDate "2022.01.31"]
[SourceVersion "1"]
[SourceVersionDate "2022.01.31"]
[SourceQuality "1"]

1. e4 c5 2. f4 d5 3. exd5 Nf6 4. Bb5+ Nbd7 5. c4 a6 6. Bxd7+ Bxd7 7. Nf3 e6 8. dxe6 Bxe6 9. d3 Bd6 10. 0-0 0-0 11. Nc3 Re8 12. Ng5 Bf5 13. Qf3 b5 14. Nge4 bxc4 15. Nxf6+ Qxf6 16. dxc4 Qd4+ 17. Kh1 Rad8 18. Rd1 Bc2 19. Rg1 Bc7 20. b3 Be4 21. Qg3 Bc6 22. Bb2 Bxf4 23. Nd5 Qxg1+ 24. Kxg1 Bxg3 0-1

[Event "EST-ch"]
[Site "Tallinn"]
[Date "2021.12.11"]
[Round "1"]
[White "Rychagov, Nikita1111"]
[Black "Kanep, Meelis"]
[Result "1/2-1/2"]
[WhiteElo "1985"]
[BlackElo "2433"]
[PlyCount "85"]
[EventDate "2021.12.11"]
[EventType "tourn"]
[EventRounds "9"]
[EventCountry "EST"]
[SourceTitle "CBM 205 Extra"]
[Source "ChessBase"]
[SourceDate "2022.01.31"]
[SourceVersion "1"]
[SourceVersionDate "2022.01.31"]
[SourceQuality "1"]

1. e4 c5 2. Nf3 Nc6 3. d4 cxd4 4. Nxd4 Qb6 5. Nb3 Nf6 6. Nc3 e6 7. Be3 Qc7 8. a3 Be7 9. f4 d6 10. g4 a6 11. g5 Nd7 12. Qd2 b5 13. 0-0-0 Rb8 14. h4 b4 15. axb4 Nxb4 16. h5 Qb7 17. h6 gxh6 18. Rxh6 Nxc2 19. Kxc2 Qxb3+ 20. Kc1 Nc5 21. Bxc5 dxc5 22. e5 Rb4 23. Bd3 Rd4 24. Qh2 Bb7 25. Bxh7 Rxd1+ 26. Nxd1 Qc4+ 27. Bc2 Rf8 28. Rh3 Kd7 29. Rc3 Qf1 30. Rb3 Kc8 31. Bd3 Qe1 32. Qc2 Rd8 33. Bc4 Rd4 34. Rd3 Rxf4 35. Qa4 Rd4 36. Qe8+ Bd8 37. Rxd4 cxd4 38. g6 Qb4 39. gxf7 Qxc4+ 40. Kd2 Qb4+ 41. Kc1 Qc4+ 42. Kd2 Qb4+ 43. Kc1 1/2-1/2

[Event "Puhajarve Rapid op 21st"]
[Site "Puhajarve"]
[Date "2021.11.27"]
[Round "17"]
[White "Volodin, Aleksandr"]
[Black "Kanep, Meelis"]
[Result "1/2-1/2"]
[WhiteElo "2461"]
[BlackElo "2433"]
[PlyCount "119"]
[EventDate "2021.11.26"]
[EventType "tourn (rapid)"]
[EventRounds "37"]
[EventCountry "EST"]
[SourceTitle "CBM 205 Extra"]
[Source "ChessBase"]
[SourceDate "2022.01.31"]
[SourceVersion "1"]
[SourceVersionDate "2022.01.31"]
[SourceQuality "1"]

1. d4 g6 2. g3 Bg7 3. Bg2 Nf6 4. Nf3 0-0 5. 0-0 c6 6. c4 d6 7. Re1 Bf5 8. Nbd2 Ne4 9. Nh4 Nxd2 10. Qxd2 Bd7 11. b3 Na6 12. Bb2 Nc7 13. e4 a5 14. a4 Na6 15. Bc3 Nb4 16. Rad1 Bg4 17. f3 Bd7 18. h3 Qc8 19. Kh2 Rd8 20. f4 b5 21. e5 bxc4 22. bxc4 Rb8 23. f5 Bxf5 24. Nxf5 Qxf5 25. Rf1 Qd7 26. Qf4 Rf8 27. d5 cxd5 28. Bxb4 Rxb4 29. Rxd5 Qxa4 30. exd6 exd6 31. Qxd6 Rxc4 32. Rd3 Rc2 33. Qd5 Qa2 34. Qxa2 Rxa2 35. Kh1 Re2 36. Rd7 Re6 37. Bd5 Rf6 38. Ra1 Rf3 39. Bxf3 Bxa1 40. Ra7 Bc3 41. Bd5 Bb4 42. Kg2 Kg7 43. Kf3 h5 44. g4 hxg4+ 45. hxg4 Kf6 46. Bb3 Ke5 47. Rxf7 Rxf7+ 48. Bxf7 g5 49. Be8 Kd4 50. Ke2 Kc3 51. Kd1 Kb2 52. Bd7 Bd6 53. Bc6 Kb3 54. Bd5+ Kb2 55. Bc6 Bf4 56. Bd7 Kb3 57. Be6+ Kb4 58. Kc2 a4 59. Bf7 a3 60. Kb1 1/2-1/2

[Event "Viljandi Raud Memorial 55th"]
[Site "Viljandi"]
[Date "2021.07.06"]
[Round "4"]
[White "Shishkov, Andrei"]
[Black "Kanep, Meelis"]
[Result "1/2-1/2"]
[WhiteElo "2405"]
[BlackElo "2432"]
[PlyCount "62"]
[EventDate "2021.07.04"]
[EventType "swiss"]
[EventRounds "9"]
[EventCountry "EST"]
[SourceTitle "CBM 203 Extra"]
[Source "ChessBase"]
[SourceDate "2021.09.30"]
[SourceVersion "1"]
[SourceVersionDate "2021.09.30"]
[SourceQuality "1"]

1. d4 d5 2. c4 c6 3. e3 Nf6 4. Nc3 e6 5. b3 Nbd7 6. Bb2 b6 7. Bd3 Bb7 8. Nf3 Bd6 9. 0-0 0-0 10. Qe2 c5 11. cxd5 exd5 12. Rfd1 a6 13. Rac1 Qe7 14. Bf5 cxd4 15. Nxd4 Nc5 16. g3 g6 17. Bh3 Rad8 18. Na4 Nxa4 19. bxa4 Bc5 20. a5 Ne4 21. axb6 Bxb6 22. Ba1 Rd6 23. Bg2 Re8 24. Rd3 f6 25. Rb3 Ba8 26. Rc2 Qd7 27. Bb2 Qa7 28. Ra3 Qb8 29. Rb3 Qa7 30. Ra3 Qb8 31. Rb3 Qa7 1/2-1/2

[Event "Viljandi Raud Memorial 55th"]
[Site "Viljandi"]
[Date "2021.07.05"]
[Round "3"]
[White "Kanep, Meelis"]
[Black "Blokhin, Sofia"]
[Result "1-0"]
[WhiteElo "2432"]
[BlackElo "1845"]
[PlyCount "75"]
[EventDate "2021.07.04"]
[EventType "swiss"]
[EventRounds "9"]
[EventCountry "EST"]
[SourceTitle "CBM 203 Extra"]
[Source "ChessBase"]
[SourceDate "2021.09.30"]
[SourceVersion "1"]
[SourceVersionDate "2021.09.30"]
[SourceQuality "1"]

1. d4 f5 2. g3 e6 3. Bg2 Nf6 4. c4 d5 5. Nh3 Be7 6. 0-0 0-0 7. Nc3 c6 8. Nf4 Na6 9. b3 Nc7 10. Bb2 g5 11. Nd3 Qe8 12. Ne5 Nd7 13. Nd3 Nf6 14. Qc1 Qh5 15. Ba3 Bxa3 16. Qxa3 Ne4 17. Nxe4 dxe4 18. Ne5 Ne8 19. e3 g4 20. Rfd1 Nf6 21. b4 a6 22. Qb3 Qe8 23. a4 Bd7 24. Bf1 Rc8 25. b5 cxb5 26. axb5 axb5 27. cxb5 Nd5 28. Bc4 Rxc4 29. Nxc4 Qh5 30. Ne5 Be8 31. Ra8 Qh3 32. Qa3 Nc7 33. Rc8 Nxb5 34. Qe7 Qh5 35. Qxe6+ Bf7 36. Rxf8+ Kxf8 37. Qf6 Nc3 38. Ra1 1-0

[Event "Viljandi Raud Memorial 55th"]
[Site "Viljandi"]
[Date "2021.07.04"]
[Round "1"]
[White "Kanep, Meelis"]
[Black "Ter Avetisjana, Agnesa Stepania"]
[Result "1-0"]
[WhiteElo "2432"]
[BlackElo "1766"]
[PlyCount "95"]
[EventDate "2021.07.04"]
[EventType "swiss"]
[EventRounds "9"]
[EventCountry "EST"]
[SourceTitle "CBM 203 Extra"]
[Source "ChessBase"]
[SourceDate "2021.09.30"]
[SourceVersion "1"]
[SourceVersionDate "2021.09.30"]
[SourceQuality "1"]

1. d4 d5 2. c4 c6 3. Nf3 Nf6 4. e3 e6 5. Nbd2 Nbd7 6. Bd3 Be7 7. 0-0 0-0 8. b3 b6 9. Bb2 Bb7 10. Qe2 c5 11. cxd5 exd5 12. Ne5 Ne4 13. Nxe4 dxe4 14. Bc4 Nxe5 15. dxe5 Qc7 16. Qg4 Rad8 17. a4 Kh8 18. Rad1 f6 19. exf6 Bxf6 20. Rxd8 Rxd8 21. Bxf6 gxf6 22. g3 Qe5 23. Rd1 Rxd1+ 24. Qxd1 Qe7 25. Qg4 Qd8 26. Kg2 Qc8 27. Qf4 Qd8 28. h4 Bd5 29. Bxd5 Qxd5 30. Qb8+ Kg7 31. Qxa7+ Kg6 32. Qxb6 Qf5 33. Qd6 Qf3+ 34. Kg1 Qe2 35. Qd5 Qe1+ 36. Kg2 Qb4 37. Qc4 Qb7 38. a5 Qe7 39. a6 Kg7 40. Qd5 Kh6 41. Qb7 Qe6 42. a7 Qg4 43. a8Q Qf3+ 44. Kg1 Qd1+ 45. Kh2 Qf3 46. Qf8+ Kg6 47. Qfg7+ Kf5 48. Qd5# 1-0

[Event "EST-ch"]
[Site "Tallinn"]
[Date "2020.08.15"]
[Round "8"]
[White "Haitin, Ilja"]
[Black "Kanep, Meelis"]
[Result "1/2-1/2"]
[WhiteElo "2356"]
[BlackElo "2450"]
[PlyCount "154"]
[EventDate "2020.08.08"]
[EventType "tourn"]
[EventRounds "9"]
[EventCountry "EST"]
[EventCategory "7"]
[SourceTitle "CBM 197 Extra"]
[Source "ChessBase"]
[SourceDate "2020.09.30"]
[SourceVersion "1"]
[SourceVersionDate "2020.09.30"]
[SourceQuality "1"]

1. d4 Nf6 2. c4 e6 3. Nc3 d5 4. cxd5 Nxd5 5. e4 Nxc3 6. bxc3 c5 7. Nf3 cxd4 8. cxd4 Bb4+ 9. Bd2 Bxd2+ 10. Qxd2 0-0 11. Bc4 Nd7 12. 0-0 b6 13. Rad1 Bb7 14. Rfe1 Rc8 15. Bb3 h6 16. d5 e5 17. Qb2 Qf6 18. Re3 Qd6 19. Nh4 g6 20. Rf3 Kg7 21. Rg3 Qf6 22. Nf5+ Kh7 23. Ne3 h5 24. Rf3 Qh4 25. Nc4 Qe7 26. d6 Qe8 27. Re3 Rc5 28. Ree1 Qc8 29. Nd2 f6 30. Nf1 b5 31. f3 Qc6 32. Kh1 Rd8 33. Ne3 Nb6 34. Bd5 Nxd5 35. Nxd5 Rxd6 36. f4 Qe8 37. Qf2 Rcc6 38. Qxa7 Qa8 39. Qf2 exf4 40. Qxf4 Qd8 41. Rb1 Rc4 42. Qf1 Bc6 43. h3 f5 44. Rbd1 Rxe4 45. Rxe4 fxe4 46. Ne3 Rxd1 47. Nxd1 Kg7 48. Ne3 Qf6 49. Qc1 Be8 50. a3 Qd4 51. Qc7+ Bf7 52. Qc1 Qe5 53. Kg1 Be6 54. Kh1 g5 55. Qe1 g4 56. hxg4 hxg4 57. g3 Qf6 58. Qc1 Qf2 59. Qc5 Qf6 60. Qc7+ Bf7 61. Ng2 Qa1+ 62. Kh2 Qxa3 63. Qe5+ Kg8 64. Qg5+ Kf8 65. Qd8+ Kg7 66. Qg5+ Bg6 67. Qxb5 Qf3 68. Qd7+ Kg8 69. Qe6+ Bf7 70. Qe5 Kh7 71. Qe7 Kg7 72. Qe5+ Kf8 73. Qb8+ Ke7 74. Qc7+ Kf6 75. Qd6+ Be6 76. Qf8+ Bf7 77. Qd6+ Kg7 1/2-1/2